00459nam a2200193 a 4500001001300000003000900013005001700022008004100039020001000080082001500090100001600105245002000121260002600141300000900167500003500176505001300211650002500224700001600249nice12345678IN_TiNIC20260116012619.0050524s1945 laha grp 000 0 urd  ac10000a297.5bYUS aYusuf, Mohd aNuskha-I-Keemia aLahorebTaj Co.c1945 a260p aincludes index and biblioraphy2 aAppendix aIslam-Moral Theology1 aYusuf, Mohd